000 00685nam a22001937a 4500
999 _c20517
_d20517
003 AR-CdUCM
008 190531b ||||| |||| 00| 0 spa d
040 _aMUNICIPALIDAD PROVINCIAL DEL CUSCO
_cBIBLIOTECA MUNICIPAL DEL CUSCO
082 _a823.9 /
_bW44
100 _aWells, H. G.
_918489
245 _aLa humanidad tal cual es /
260 _aBarcelona :
_bToribio Taberner,
300 _a212 páginas ;
_c18 cm.
505 _aContenido: La nueva república -- El problema de la previsión del nacimiento -- Aspectos generales de la formación del hombre...
650 _aHombre
_9838
650 _aEstado y república
_942888
942 _2ddc
_cLIBROS
945 _adavv
_d2019-05-31